Normal view
MARC view
Entry Personal Name
001 - CONTROL NUMBER
- control field: 35309
003 - CONTROL NUMBER IDENTIFIER
- control field: ARRUPE
005 - DATE AND TIME OF LATEST TRANSACTION
- control field: 20170825115400.0
008 - FIXED-LENGTH DATA ELEMENTS
- fixed length control field: 170825|| aca||aabn | a|a d
040 ## - CATALOGING SOURCE
- Original cataloging agency: ARRUPE
- Transcribing agency: ARRUPE
100 ## - HEADING--PERSONAL NAME
- Personal name: Diop, Momar Coumba
670 ## - SOURCE DATA FOUND
- Source citation: Work cat.: (ARRUPE): Diop, Momar Coumba, Statutory political successions, 1990